Les portes au cinéma - #1 - Statistiques

Statistiques générales
  • Ce quiz a été pris 1 189 fois
  • Le résultat moyen est 7 sur 12
Statistiques - réponses
Par images Réponse % Correct
Shrek
92%
Le Seigneur des Anneaux : La Communauté de l'Anneau
91%
Astérix et Obélix : Mission Cléopatre
79%
Monstres & Cie.
78%
Le Monde de Narnia : Le Lion, la Sorcière blanche et l'Armoire magique
75%
Le Voyage de Chihiro
75%
Titanic
63%
Paranormal Activity
57%
No Country for Old Men
40%
Spiderman : Into the Spider-Verse
36%
La Grande Vadrouille
14%
Insidious
8%
Aucun quiz correspondant
Distribution des résultats
% des personnes avec chaque résultat
Percentile par nombre de réponses
Votre historique - résultats
Vous n’avez pas pris ce quiz